LIBRARY & INFORMATION CENTRE, KCAET, TAVANUR

ONLINE PUBLIC ACCESS CATALOGUE (OPAC)

Normal view MARC view
  • Morris, Thomas Norman.

Entry Personal Name

Number of records used in: 1

001 - CONTROL NUMBER

  • control field: 4175

003 - CONTROL NUMBER IDENTIFIER

  • control field: OSt

005 - DATE AND TIME OF LATEST TRANSACTION

  • control field: 20190527160831.0

008 - FIXED-LENGTH DATA ELEMENTS

  • fixed length control field: 190527|| aca||aabn | a|a d

040 ## - CATALOGING SOURCE

  • Original cataloging agency: OSt
  • Transcribing agency: OSt

100 ## - HEADING--PERSONAL NAME

  • Personal name: Morris, Thomas Norman.

670 ## - SOURCE DATA FOUND

  • Source citation: Work cat.: (OSt)13696: Morris, Thomas Norman., Principles of fruit preservation;, 2011
free website counter